|
|
|
|
| LEADER |
01299nam a2200325 4500 |
| 001 |
DLU120139862 |
| 005 |
##20120817 |
| 020 |
# |
# |
|a 9786047001170
|
| 040 |
# |
# |
|a DLU
|b vie
|
| 041 |
# |
# |
|a vie
|
| 044 |
# |
# |
|a vn
|
| 082 |
# |
# |
|a 291.3
|b NG-T
|
| 100 |
# |
# |
|a Nguyễn Thế.
|
| 245 |
# |
# |
|a Về tín ngưỡng ở làng nghề vùng Bắc Thừa Thiên Huế /
|c Nguyễn Thế.
|
| 260 |
# |
# |
|a H. :
|b Văn hoá Dân tộc,
|c 2012.
|
| 300 |
# |
# |
|a 263 tr. ;
|c 21 cm.
|
| 505 |
# |
# |
|a Chương 1. Đặc điểm và yếu tố hình thành các làng nghề vùng Bắc Thừa Thiên Huế -- Chương II. Tổng quan về một số làng nghề tiêu biểu vùng Bắc Thừa Thiên Huế -- Chương III. Nét đặc trưng về thiết chế và đời sống tâm linh các làng nghề -- Chương IV. Đời sống tâm linh và tính cố kết trong cộng đồng cư dân các làng nghề.
|
| 650 |
# |
# |
|a Tín ngưỡng dân gian
|x Việt Nam
|z Thừa Thiên - Huế.
|
| 651 |
# |
# |
|a Thừa Thiên - Huế (Việt Nam)
|x Đời sống xã hội và tập quán.
|
| 923 |
# |
# |
|a 05/2012
|
| 991 |
# |
# |
|a SH
|
| 992 |
# |
# |
|a 10500
|
| 994 |
# |
# |
|a DLU
|
| 900 |
# |
# |
|a True
|
| 911 |
# |
# |
|a Đào Thị Thu Huyền
|
| 925 |
# |
# |
|a G
|
| 926 |
# |
# |
|a A
|
| 927 |
# |
# |
|a SH
|
| 980 |
# |
# |
|a Thư viện Trường Đại học Đà Lạt
|